000 00458nam a2200181Ia 4500
003 GCL
008 140319s9999 xx 000 0 eng d
040 _aGCL /
_cGCL
082 0 4 _a780.92
_bS A
100 1 _aSHNEERSON, GRIGORY
245 1 0 _aARAM KHACHATURYAN /
_cSHNEERSON, GRIGORY
260 _a[S.N] :
_bFOREIGN LANGUAGES PUBLISHING HOUSE ،
_c1959
300 _a102 P
650 0 4 _aARTS
650 0 4 _aMUSIC
650 0 4 _aCOMPOSERS
942 _2ddc
_cBK
999 _c12370
_d12370